Les contradictions de Rembrandt / (Record no. 139993)

MARC details
000 -LEADER
campo de control de longitud fija 00636nam a2200193 i 4500
001 - NÚMERO DE CONTROL
campo de control 139993
003 - IDENTIFICADOR DE NÚMERO DE CONTROL
campo de control ES-MaACL
005 - FECHA Y HORA DE LA ÚLTIMA TRANSACCIÓN
campo de control 20250618142459.0
007 - CAMPO FIJO DE DESCRIPCIÓN FÍSICA--INFORMACIÓN GENERAL
campo de control de longitud fija t|
008 - DATOS DE LONGITUD FIJA--INFORMACIÓN GENERAL
campo de control de longitud fija 070214s1945 ne r ||||1| fre d
100 1# - ENTRADA PRINCIPAL--NOMBRE DE PERSONA
Nombre de persona Schmidt-Degener, F.
9 (RLIN) 104499
245 14 - MENCIÓN DEL TÍTULO
Título Les contradictions de Rembrandt /
Mención de responsabilidad, etc. par F. Schmidt-Degener ; [traduit... par Lena Delen].
260 ## - PUBLICACIÓN, DISTRIBUCIÓN, ETC.
Lugar de publicación, distribución, etc. Rotterdam :
Nombre del editor, distribuidor, etc. Donker,
Fecha de publicación, distribución, etc. 1945.
300 ## - DESCRIPCIÓN FÍSICA
Extensión 30 p. ;
Dimensiones 19 cm.
600 04 - PUNTO DE ACCESO ADICIONAL DE MATERIA--NOMBRE DE PERSONA
Nombre de persona Rembrandt Harmenszoon van Rijn,
Fechas asociadas al nombre 1606-1669
9 (RLIN) 96120
700 1# - ENTRADA AGREGADA--NOMBRE PERSONAL
Nombre de persona Delen, Lena.
9 (RLIN) 43366
852 ## - LOCALIZACIÓN
Ubicación ES-MaACL
Número de control de estantería C-29892
Sublocalización o colección R.57012
Nota libre .- Donat. José Antonio Llardent
Holdings
Estatus retirado Estado de pérdida Estado de daño No para préstamo Biblioteca de origen Biblioteca actual Ubicación en estantería Fecha de adquisición Fuente de adquisición Total de préstamos Signatura topográfica completa Código de barras Visto por última vez Precio de reemplazo Tipo de ítem Koha
        Biblioteca del Ateneo de Madrid Biblioteca del Ateneo de Madrid Depósito 2 17/01/2008     C-29892 1145681 23/02/2023 23/02/2023 Libro impreso